| 000 | 00549nam a2200169Ia 4500 | ||
|---|---|---|---|
| 003 | GCL | ||
| 008 | 140319s9999 xx 000 0 ara d | ||
| 040 |
_aGCL / _cGCL |
||
| 082 | 0 | 4 |
_a823 _bع م |
| 100 | 1 | _aعبدالله عبدالحافظ | |
| 245 | 1 | 0 |
_aمن الاعمال المختارة يوجين أونيل (هدية من الاديب عبدالفتاح الجمل) / _cعبدالله عبدالحافظ |
| 300 | _a184 ص | ||
| 490 | _a | ||
| 650 | 0 | 4 | _aالادب الامريكى |
| 650 | 0 | 4 | _aاونيل , يوجين |
| 942 |
_2ddc _cBK |
||
| 999 |
_c40064 _d40064 |
||